Предпринимательское (хозяйственное) право: учебное пособие

Λεπτομέρειες βιβλιογραφικής εγγραφής
Άλλοι συγγραφείς: Зинченко С. А. (редактор), Колесник Г. И.
Περίληψη:Исключено из фонда НТБ ТПУ
Γλώσσα:Ρωσικά
Έκδοση: Москва, Дашков и К, 2010
Έκδοση:4-е изд., перераб. и доп.
Μορφή: MixedMaterials Βιβλίο
KOHA link:https://koha.lib.tpu.ru/cgi-bin/koha/opac-detail.pl?biblionumber=180431

MARC

LEADER 00000nam0a2200000 4500
001 180431
005 20231031170758.0
010 |a 9785394007750 
035 |a (RuTPU)RU\TPU\book\195603 
035 |a RU\TPU\book\172004 
090 |a 180431 
100 |a 20090427d2010 m y0rusy50 ca 
101 0 |a rus 
102 |a RU 
105 |a y j 001zy 
200 1 |a Предпринимательское (хозяйственное) право  |e учебное пособие  |f под ред. С. А. Зинченко, Г. И. Колесника 
205 |a 4-е изд., перераб. и доп. 
210 |a Москва  |c Дашков и К  |c Академцентр  |d 2010 
215 |a 688 с. 
333 |a Исключено из фонда НТБ ТПУ 
702 1 |a Зинченко  |b С. А.  |4 340 
702 1 |a Колесник  |b Г. И.  |4 340 
801 1 |a RU  |b 63413507  |c 20100517 
801 2 |a RU  |b 63413507  |c 20220621  |g RCR 
942 |c BK 
959 |a 31/20100513  |d 2  |e 319,00  |f АНЛ:1  |f ЧЗГЛ:1